Gente en la Edad Media

保存先:
書誌詳細
第一著者: Fossier, Robert (著者)
フォーマット: 図書
言語:スペイン語
出版事項: Madrid Taurus 2007
シリーズ:Historia
主題:
タグ: タグ追加
タグなし, このレコードへの初めてのタグを付けませんか!

MARC

LEADER 00000nam a2200000 a 4500
001 UCI7980
003 CL-VaPUC
008 080731e20070000SP |||||||||||||||||spa|d
020 |a 9788430606498 
082 0 4 |a 940.1  |b FOS  |2 21 
100 0 |a Fossier, Robert  |e author  |9 531422 
245 1 0 |a Gente en la Edad Media 
300 |a 385 p 
942 |c BK 
945 |d 20080731 00:00:00  |a jtorresc 
260 |a Madrid  |b Taurus  |c 2007 
650 0 |a Civilización medieval   |9 265320 
650 0 |a Historia social  |9 313638 
650 0 |a Vida social  |9 337244 
650 0 |a Edad media  |9 258041 
583 |a last modification  |c 20080731 00:00:00  |k Rodrigo Vera 
490 0 |a Historia 
999 |c 331085  |d 331083 
952 |0 0  |1 0  |4 0  |6 940_100000000000000_FOS_2007  |7 0  |8 A  |9 417199  |a BIBHIS  |b BIBHIS  |d 2019-11-22  |i 446785K  |o 940.1 FOS 2007  |p 446785K  |r 2025-01-20  |w 2019-11-22  |y BK  |k HIS